Bristol City League Players Since 2014 - Statistics

General Stats
  • This quiz has been taken 26 times
  • The average score is 159 of 301
Answer Stats
% Correct
2022/23 (Championship - 14th) England CM 18 Alex Scott 42 1
100%
2021/22 (Championship - 17th) England CM 17 Alex Scott 38 4
100%
2020/21 (Championship - 19th) England CM 16 Alex Scott 3
100%
2023/24 (Championship - 13th) Austria AM 32 Andreas Weimann 20 1
96%
2022/23 (Championship - 14th) Austria AM 30 Andreas Weimann 43 6
96%
2021/22 (Championship - 17th) Austria AM 29 Andreas Weimann 46 22
96%
2020/21 (Championship - 19th) Austria AM 28 Andreas Weimann 7 2
96%
2019/20 (Championship - 12th) Austria AM 27 Andreas Weimann 45 9
96%
2018/19 (Championship - 8th) Austria AM 26 Andreas Weimann 44 10
96%
2023/24 (Championship - 13th) Scotland ST 21 Tommy Conway 39 10
96%
2022/23 (Championship - 14th) Scotland ST 19 Tommy Conway 34 9
96%
2021/22 (Championship - 17th) Scotland ST 18 Tommy Conway 4
96%
2020/21 (Championship - 19th) Scotland ST 17 Tommy Conway 5 1
96%
2022/23 (Championship - 14th) Ghana RW 22 Antoine Semenyo 23 6
91%
2021/22 (Championship - 17th) Ghana RW 21 Antoine Semenyo 31 8
91%
2020/21 (Championship - 19th) Ghana RW 20 Antoine Semenyo 44 2
91%
2019/20 (Championship - 12th) Ghana RW 19 Antoine Semenyo 9
91%
2018/19 (Championship - 8th) Ghana RW 18 Antoine Semenyo 4
91%
2017/18 (Championship - 11th) Ghana RW 17 Antoine Semenyo 1
91%
2015/16 (Championship - 18th) Ireland CB 22 Derrick Williams 24 1
91%
2014/15 (League One - 1st) Ireland CB 21 Derrick Williams 44 2
91%
2023/24 (Championship - 13th) Ireland GK 27 Max O'Leary 46
91%
2022/23 (Championship - 14th) Ireland GK 25 Max O'Leary 33
91%
2021/22 (Championship - 17th) Ireland GK 24 Max O'Leary 9
91%
2020/21 (Championship - 19th) Ireland GK 23 Max O'Leary 3
91%
2018/19 (Championship - 8th) Ireland GK 21 Max O'Leary 15
91%
2023/24 (Championship - 13th) Bermuda ST 33 Nahki Wells 35 7
91%
2022/23 (Championship - 14th) Bermuda ST 32 Nahki Wells 45 11
91%
2021/22 (Championship - 17th) Bermuda ST 31 Nahki Wells 32 3
91%
2020/21 (Championship - 19th) Bermuda ST 30 Nahki Wells 46 10
91%
2019/20 (Championship - 12th) Bermuda ST 29 Nahki Wells 17 5
91%
2022/23 (Championship - 14th) Czech Republic CB 29 Tomas Kalas 8
91%
2021/22 (Championship - 17th) Czech Republic CB 28 Tomas Kalas 35
91%
2020/21 (Championship - 19th) Czech Republic CB 27 Tomas Kalas 40 1
91%
2019/20 (Championship - 12th) Czech Republic CB 26 Tomas Kalas 23
91%
2018/19 (Championship - 8th) Czech Republic CB 25 Tomas Kalas 38
91%
2023/24 (Championship - 13th) Wales CM 35 Andy King 15
87%
2022/23 (Championship - 14th) Wales CM 33 Andy King 26
87%
2021/22 (Championship - 17th) Wales CM 32 Andy King 14 1
87%
2023/24 (Championship - 13th) Albania LW 23 Anis Mehmeti 38 4
87%
2022/23 (Championship - 14th) Albania LW 21 Anis Mehmeti 15 1
87%
2019/20 (Championship - 12th) Wales CB 34 Ashley Williams 32 2
87%
2023/24 (Championship - 13th) Ireland AM 23 Jason Knight 46 4
87%
2023/24 (Championship - 13th) England CM 27 Joe Williams 40
87%
2022/23 (Championship - 14th) England CM 25 Joe Williams 33 2
87%
2021/22 (Championship - 17th) England CM 24 Joe Williams 22
87%
2020/21 (Championship - 19th) England CM 23 Joe Williams 1
87%
2023/24 (Championship - 13th) England RB 17 Joseph James 2
87%
2023/24 (Championship - 13th) England CM 32 Matty James 37 3
87%
2022/23 (Championship - 14th) England CM 30 Matty James 34
87%
2021/22 (Championship - 17th) England CM 29 Matty James 33 1
87%
2023/24 (Championship - 13th) England CB 27 Zak Vyner 36
87%
2022/23 (Championship - 14th) England CB 25 Zak Vyner 45 1
87%
2021/22 (Championship - 17th) England CB 24 Zak Vyner 22
87%
2020/21 (Championship - 19th) England CB 23 Zak Vyner 43 2
87%
2019/20 (Championship - 12th) England CB 22 Zak Vyner 8
87%
2017/18 (Championship - 11th) England CB 20 Zak Vyner 1
87%
2016/17 (Championship - 17th) England CB 19 Zak Vyner 3
87%
2015/16 (Championship - 18th) England CB 18 Zak Vyner 4
87%
2023/24 (Championship - 13th) England LB 26 Cameron Pring 42 1
83%
2022/23 (Championship - 14th) England LB 24 Cameron Pring 32 1
83%
2021/22 (Championship - 17th) England LB 23 Cameron Pring 32
83%
2022/23 (Championship - 14th) France DM 20 Han-Noah Massengo 10
83%
2021/22 (Championship - 17th) France DM 19 Han-Noah Massengo 37
83%
2020/21 (Championship - 19th) France DM 18 Han-Noah Massengo 27
83%
2019/20 (Championship - 12th) France DM 17 Han-Noah Massengo 25
83%
2023/24 (Championship - 13th) Ireland RM 26 Mark Sykes 40 5
83%
2022/23 (Championship - 14th) Ireland RM 24 Mark Sykes 36 5
83%
2023/24 (Championship - 13th) England CB 28 Rob Dickie 41 5
83%
2022/23 (Championship - 14th) Scotland ST 33 Chris Martin 17 1
78%
2021/22 (Championship - 17th) Scotland ST 32 Chris Martin 45 12
78%
2020/21 (Championship - 19th) Scotland ST 31 Chris Martin 26 2
78%
2022/23 (Championship - 14th) England GK 28 Daniel Bentley 13
78%
2021/22 (Championship - 17th) England GK 27 Daniel Bentley 38
78%
2020/21 (Championship - 19th) England GK 26 Daniel Bentley 43
78%
2019/20 (Championship - 12th) England GK 25 Daniel Bentley 43
78%
2023/24 (Championship - 13th) England LW 21 Sam Bell 33 5
78%
2022/23 (Championship - 14th) England LW 20 Sam Bell 24 3
78%
2021/22 (Championship - 17th) England LW 19 Sam Bell 5
78%
2020/21 (Championship - 19th) England LW 18 Sam Bell 4
78%
2023/24 (Championship - 13th) England RB 24 George Tanner 37
74%
2022/23 (Championship - 14th) England RB 22 George Tanner 26
74%
2021/22 (Championship - 17th) England RB 21 George Tanner 13 1
74%
2014/15 (League One - 1st) England ST 25 Matt Smith 14 7
74%
2018/19 (Championship - 8th) England GK 30 Frank Fielding 5
70%
2017/18 (Championship - 11th) England GK 29 Frank Fielding 43
70%
2016/17 (Championship - 17th) England GK 28 Frank Fielding 27
70%
2015/16 (Championship - 18th) England GK 27 Frank Fielding 21
70%
2014/15 (League One - 1st) England GK 26 Frank Fielding 46
70%
2023/24 (Championship - 13th) England LB 22 Haydon Roberts 23 1
70%
2019/20 (Championship - 12th) England CM 28 Korey Smith 22
70%
2018/19 (Championship - 8th) England CM 27 Korey Smith 5
70%
2017/18 (Championship - 11th) England CM 26 Korey Smith 45 1
70%
2016/17 (Championship - 17th) England CM 25 Korey Smith 23
70%
2015/16 (Championship - 18th) England CM 24 Korey Smith 36
70%
2014/15 (League One - 1st) England CM 23 Korey Smith 44
70%
2017/18 (Championship - 11th) England CB 27 Aden Flint 39 8
65%
2016/17 (Championship - 17th) England CB 26 Aden Flint 46 5
65%
2015/16 (Championship - 18th) England CB 25 Aden Flint 44 6
65%
2014/15 (League One - 1st) England CB 24 Aden Flint 46 14
65%
2017/18 (Championship - 11th) Jamaica AM 24 Bobby Decordova-Reid 46 19
65%
2016/17 (Championship - 17th) Jamaica AM 23 Bobby Decordova-Reid 30 3
65%
2015/16 (Championship - 18th) Jamaica AM 22 Bobby Decordova-Reid 28 2
65%
2014/15 (League One - 1st) Jamaica AM 21 Bobby Decordova-Reid 2
65%
2023/24 (Championship - 13th) England ST 29 Harry Cornick 39 2
65%
2022/23 (Championship - 14th) England ST 27 Harry Cornick 17 1
65%
2019/20 (Championship - 12th) Sweden RM 23 Niclas Eliasson 37 3
65%
2018/19 (Championship - 8th) Sweden RM 22 Niclas Eliasson 33 2
65%
2017/18 (Championship - 11th) Sweden RM 21 Niclas Eliasson 13
65%
2023/24 (Championship - 13th) Scotland DM 26 Ross McCrorie 19
65%
2023/24 (Championship - 13th) Italy ST 17 Ephraim Yeboah 10
61%
2018/19 (Championship - 8th) England LB 24 Joe Bryan 1
61%
2017/18 (Championship - 11th) England LB 23 Joe Bryan 43 5
61%
2016/17 (Championship - 17th) England LB 22 Joe Bryan 44 1
61%
2015/16 (Championship - 18th) England LB 21 Joe Bryan 39 3
61%
2014/15 (League One - 1st) England LB 20 Joe Bryan 41 6
61%
2023/24 (Championship - 13th) Scotland CB 32 Kal Naismith 13 1
61%
2022/23 (Championship - 14th) Scotland CB 30 Kal Naismith 25
61%
2019/20 (Championship - 12th) England CM 28 Marlon Pack 1
61%
2018/19 (Championship - 8th) England CM 27 Marlon Pack 46 2
61%
2017/18 (Championship - 11th) England CM 26 Marlon Pack 42 3
61%
2016/17 (Championship - 17th) England CM 25 Marlon Pack 34 2
61%
2015/16 (Championship - 18th) England CM 24 Marlon Pack 45 1
61%
2014/15 (League One - 1st) England CM 23 Marlon Pack 34 3
61%
2022/23 (Championship - 14th) England CB 23 Rob Atkinson 26 4
61%
2021/22 (Championship - 17th) England CB 22 Rob Atkinson 34 2
61%
2016/17 (Championship - 17th) England ST 18 Tammy Abraham 41 23
61%
2023/24 (Championship - 13th) England CM 22 Taylor Gardner-Hickman 36 1
61%
2022/23 (Championship - 14th) Switzerland CB 34 Timm Klose 10
61%
2021/22 (Championship - 17th) Switzerland CB 33 Timm Klose 18 1
61%
2020/21 (Championship - 19th) Hungary DM 25 Adam Nagy 31 2
57%
2019/20 (Championship - 12th) Hungary DM 24 Adam Nagy 23 1
57%
2019/20 (Championship - 12th) Australia CB 26 Bailey Wright 3
57%
2018/19 (Championship - 8th) Australia CB 25 Bailey Wright 12
57%
2017/18 (Championship - 11th) Australia CB 24 Bailey Wright 36
57%
2016/17 (Championship - 17th) Australia CB 23 Bailey Wright 21 1
57%
2021/22 (Championship - 17th) Ireland LM 26 Callum O'Dowda 20 1
57%
2020/21 (Championship - 19th) Ireland LM 25 Callum O'Dowda 19 1
57%
2019/20 (Championship - 12th) Ireland LM 24 Callum O'Dowda 32 1
57%
2018/19 (Championship - 8th) Ireland LM 23 Callum O'Dowda 31 4
57%
2017/18 (Championship - 11th) Ireland LM 22 Callum O'Dowda 24 1
57%
2016/17 (Championship - 17th) Ireland LM 21 Callum O'Dowda 34
57%
2020/21 (Championship - 19th) Senegal ST 27 Famara Diedhiou 40 8
57%
2019/20 (Championship - 12th) Senegal ST 26 Famara Diedhiou 41 12
57%
2018/19 (Championship - 8th) Senegal ST 25 Famara Diedhiou 41 13
57%
2017/18 (Championship - 11th) Senegal ST 24 Famara Diedhiou 32 13
57%
2020/21 (Championship - 19th) England RB 29 Jack Hunt 41 2
57%
2019/20 (Championship - 12th) England RB 28 Jack Hunt 35
57%
2018/19 (Championship - 8th) England RB 27 Jack Hunt 33 1
57%
2020/21 (Championship - 19th) England AM 28 Jamie Paterson 20 3
57%
2019/20 (Championship - 12th) England AM 27 Jamie Paterson 21 6
57%
2018/19 (Championship - 8th) England AM 26 Jamie Paterson 41 5
57%
2017/18 (Championship - 11th) England AM 25 Jamie Paterson 41 5
57%
2016/17 (Championship - 17th) England AM 24 Jamie Paterson 21 4
57%
2022/23 (Championship - 14th) Wales LB 24 Jay Dasilva 34
57%
2021/22 (Championship - 17th) Wales LB 23 Jay Dasilva 36 1
57%
2020/21 (Championship - 19th) Wales LB 22 Jay Dasilva 11 1
57%
2019/20 (Championship - 12th) Wales LB 21 Jay Dasilva 24
57%
2018/19 (Championship - 8th) Wales LB 20 Jay Dasilva 28
57%
2016/17 (Championship - 17th) Ivory Coast ST 26 Jonathan Kodjia 4
57%
2015/16 (Championship - 18th) Ivory Coast ST 25 Jonathan Kodjia 45 18
57%
2021/22 (Championship - 17th) Jamaica AM 24 Kasey Palmer 6 1
57%
2020/21 (Championship - 19th) Jamaica AM 23 Kasey Palmer 23 2
57%
2019/20 (Championship - 12th) Jamaica AM 22 Kasey Palmer 25 1
57%
2018/19 (Championship - 8th) Jamaica AM 21 Kasey Palmer 15 2
57%
2023/24 (Championship - 13th) England AM 24 Scott Twine 10 2
57%
2023/24 (Championship - 13th) Canada CB 19 Jamie Knight-Lebel 2
52%
2016/17 (Championship - 17th) England ST 36 Aaron Wilbraham 31 4
48%
2015/16 (Championship - 18th) England ST 35 Aaron Wilbraham 43 8
48%
2014/15 (League One - 1st) England ST 34 Aaron Wilbraham 37 18
48%
2021/22 (Championship - 17th) England CM 17 Ayman Benarous 11
48%
2019/20 (Championship - 12th) England CM 23 Josh Brownhill 28 5
48%
2018/19 (Championship - 8th) England CM 22 Josh Brownhill 45 5
48%
2017/18 (Championship - 11th) England CM 21 Josh Brownhill 45 5
48%
2016/17 (Championship - 17th) England CM 20 Josh Brownhill 27 1
48%
2019/20 (Championship - 12th) England ST 29 Matty Taylor 1
48%
2018/19 (Championship - 8th) England ST 28 Matty Taylor 33 4
48%
2017/18 (Championship - 11th) England ST 27 Matty Taylor 18 1
48%
2016/17 (Championship - 17th) England ST 26 Matty Taylor 15 1
48%
2023/24 (Championship - 13th) Scotland RW 19 Adedire Mebude 3
43%
2018/19 (Championship - 8th) Italy RB 31 Eros Pisano 15 2
43%
2017/18 (Championship - 11th) Italy RB 30 Eros Pisano 16
43%
2017/18 (Championship - 11th) Iceland CB 24 Hordur Magnusson 24
43%
2016/17 (Championship - 17th) Iceland CB 23 Hordur Magnusson 28 1
43%
2014/15 (League One - 1st) England AM 23 Jay Emmanuel-Thomas 36 9
39%
2015/16 (Championship - 18th) Jamaica CB 22 Liam Moore 10
39%
2017/18 (Championship - 11th) Bosnia ST 27 Milan Djuric 16 3
39%
2016/17 (Championship - 17th) Bosnia ST 26 Milan Djuric 11 2
39%
2020/21 (Championship - 19th) England CB 23 Taylor Moore 22
39%
2019/20 (Championship - 12th) England CB 22 Taylor Moore 21 1
39%
2016/17 (Championship - 17th) England CB 19 Taylor Moore 5
39%
2018/19 (Championship - 8th) England CB 23 Adam Webster 44 3
35%
2021/22 (Championship - 17th) England RB 34 Danny Simpson 3
35%
2020/21 (Championship - 19th) England RB 33 Danny Simpson 4
35%
2019/20 (Championship - 12th) Croatia CB 21 Filip Benkovic 10 2
35%
2018/19 (Championship - 8th) England CB 19 Lloyd Kelly 32 1
35%
2017/18 (Championship - 11th) England CB 18 Lloyd Kelly 11 1
35%
2018/19 (Championship - 8th) Sudan ST 23 Mo Eisa 5
35%
2021/22 (Championship - 17th) England CB 30 Nathan Baker 15 1
35%
2020/21 (Championship - 19th) England CB 29 Nathan Baker 3
35%
2019/20 (Championship - 12th) England CB 28 Nathan Baker 34 1
35%
2018/19 (Championship - 8th) England CB 27 Nathan Baker 16
35%
2017/18 (Championship - 11th) England CB 26 Nathan Baker 34
35%
2015/16 (Championship - 18th) England CB 24 Nathan Baker 36 1
35%
2017/18 (Championship - 11th) England LW 20 Ryan Kent 10
35%
2019/20 (Championship - 12th) DR Congo ST 26 Benik Afobe 12 3
30%
2020/21 (Championship - 19th) Northern Ireland CM 35 Chris Brunt 12
30%
2022/23 (Championship - 14th) Wales CB 20 Joe Low 1
30%
2015/16 (Championship - 18th) England ST 25 Kieran Agard 25 2
30%
2014/15 (League One - 1st) England ST 24 Kieran Agard 39 13
30%
2016/17 (Championship - 17th) England RB 24 Luke Ayling 1
30%
2015/16 (Championship - 18th) England RB 23 Luke Ayling 33
30%
2014/15 (League One - 1st) England RB 22 Luke Ayling 46 4
30%
2016/17 (Championship - 17th) England AM 24 Luke Freeman 18 2
30%
2015/16 (Championship - 18th) England AM 23 Luke Freeman 41 1
30%
2014/15 (League One - 1st) England AM 22 Luke Freeman 46 7
30%
2019/20 (Championship - 12th) Portugal RB 21 Pedro Pereira 21 2
30%
2019/20 (Championship - 12th) Ireland AM 23 Sammie Szmodics 3
30%
2015/16 (Championship - 18th) Wales RM 20 Wes Burns 14 1
30%
2014/15 (League One - 1st) Wales RM 19 Wes Burns 3 1
30%
2014/15 (League One - 1st) Egypt CB 29 Adam El-Abd 2
26%
2020/21 (Championship - 19th) Jamaica CB 33 Adrian Mariappa 25
26%
2015/16 (Championship - 18th) Ireland ST 20 Callum Robinson 6
26%
2022/23 (Championship - 14th) England DM 18 Dylan Kadji 2
26%
2023/24 (Championship - 13th) England LM 18 Elijah Morrison 1
26%
2017/18 (Championship - 11th) Sweden ST 21 Gustav Engvall 2
26%
2016/17 (Championship - 17th) Sweden ST 20 Gustav Engvall 2
26%
2017/18 (Championship - 11th) Germany CM 29 Jens Hegeler 4
26%
2016/17 (Championship - 17th) Germany CM 28 Jens Hegeler 12
26%
2022/23 (Championship - 14th) England RB 22 Kane Wilson 5
26%
2016/17 (Championship - 17th) England SS 27 Lee Tomlin 38 6
26%
2015/16 (Championship - 18th) England SS 26 Lee Tomlin 18 6
26%
2017/18 (Championship - 11th) France ST 24 Lois Diony 7
26%
2019/20 (Championship - 12th) Finland GK 34 Niki Maenpaa 4
26%
2018/19 (Championship - 8th) Finland GK 33 Niki Maenpaa 26
26%
2019/20 (Championship - 12th) Spain ST 29 Rodri Rios 6
26%
2021/22 (Championship - 17th) England CB 19 Ryley Towler 1
26%
2020/21 (Championship - 19th) England CB 18 Ryley Towler 3
26%
2021/22 (Championship - 17th) Gambia ST 21 Saikou Janneh 1
26%
2020/21 (Championship - 19th) Gambia ST 20 Saikou Janneh 4
26%
2020/21 (Championship - 19th) Wales RW 18 Sam Pearson 5
26%
2021/22 (Championship - 17th) England DM 22 Tyreeq Bakinson 13 1
26%
2020/21 (Championship - 19th) England DM 21 Tyreeq Bakinson 34 4
26%
2014/15 (League One - 1st) England AM 35 Wade Elliott 35 2
26%
2016/17 (Championship - 17th) Wales RB 24 Adam Matthews 12
22%
2015/16 (Championship - 18th) Wales RB 23 Adam Matthews 9
22%
2016/17 (Championship - 17th) Wales RW 28 David Cotterill 13 2
22%
2017/18 (Championship - 11th) England CM 34 Gary O'Neil 4
22%
2016/17 (Championship - 17th) England CM 33 Gary O'Neil 29 1
22%
2014/15 (League One - 1st) Ireland CB 23 Greg Cunningham 24 2
22%
2020/21 (Championship - 19th) England CM 29 Henri Lansbury 16
22%
2016/17 (Championship - 17th) Austria GK 21 Ivan Lucic 2
22%
2014/15 (League One - 1st) England RB 22 James Tavernier 12 3
22%
2016/17 (Championship - 17th) England RB 27 Mark Little 28
22%
2015/16 (Championship - 18th) England RB 26 Mark Little 23
22%
2014/15 (League One - 1st) England RB 25 Mark Little 37 1
22%
2019/20 (Championship - 12th) Norway CM 26 Markus Henriksen 4
22%
2022/23 (Championship - 14th) Wales DM 18 Omar Taylor-Clarke 6
22%
2015/16 (Championship - 18th) Nigeria ST 33 Peter Odemwingie 7 2
22%
2020/21 (Championship - 19th) England CB 26 Alfie Mawson 11
17%
2015/16 (Championship - 18th) England CM 23 Ben Gladwin 1
17%
2021/22 (Championship - 17th) England CB 18 Duncan Idehen 2
17%
2016/17 (Championship - 17th) Germany GK 26 Fabian Giefer 10
17%
2018/19 (Championship - 8th) Wales DM 21 Joe Morrell 1
17%
2020/21 (Championship - 19th) England CM 22 Liam Walsh 3
17%
2018/19 (Championship - 8th) England CM 20 Liam Walsh 9
17%
2017/18 (Championship - 11th) England CM 19 Liam Walsh 6
17%
2020/21 (Championship - 19th) England ST 19 Louis Britton 1 1
17%
2017/18 (Championship - 11th) England GK 32 Luke Steele 5
17%
2020/21 (Championship - 19th) Wales RW 29 Marley Watkins 2
17%
2019/20 (Championship - 12th) Wales RW 28 Marley Watkins 9 1
17%
2018/19 (Championship - 8th) Wales RW 27 Marley Watkins 16 2
17%
2020/21 (Championship - 19th) England RW 21 Opi Edwards 4
17%
2020/21 (Championship - 19th) England LW 19 Owura Edwards 3
17%
2021/22 (Championship - 17th) England CB 24 Robbie Cundy 14
17%
2014/15 (League One - 1st) England ST 25 Sam Baldock 4
17%
2015/16 (Championship - 18th) England RM 25 Scott Wagstaff 9 1
17%
2014/15 (League One - 1st) England RM 24 Scott Wagstaff 26 2
17%
2018/19 (Championship - 8th) New Zealand GK 26 Stefan Marinovic 1
17%
2020/21 (Championship - 19th) England LM 31 Tommy Rowe 31 1
17%
2019/20 (Championship - 12th) England LM 30 Tommy Rowe 29 2
17%
2015/16 (Championship - 18th) England CM 16 George Dowling 2
13%
2014/15 (League One - 1st) Northern Ireland CM 21 George Saville 7 1
13%
2017/18 (Championship - 11th) England RW 18 Jonathan Leko 11
13%
2014/15 (League One - 1st) England CB 26 Karleigh Osborne 1
13%
2016/17 (Championship - 17th) England GK 27 Richard O'Donnell 8
13%
2015/16 (Championship - 18th) England GK 26 Richard O'Donnell 21
13%
2020/21 (Championship - 19th) England RB 20 Steven Sessegnon 16
13%
2015/16 (Championship - 18th) Ireland CB 26 Alex Pearce 7
9%
2017/18 (Championship - 11th) England ST 22 Cauley Woodrow 14 2
9%
2015/16 (Championship - 18th) Jamaica RM 26 Elliott Bennett 15
9%
2017/18 (Championship - 11th) England ST 18 Freddie Hinds 1
9%
2020/21 (Championship - 19th) England RW 24 Hakeeb Adelakun 2
9%
2018/19 (Championship - 8th) England RW 22 Hakeeb Adelakun 5
9%
2016/17 (Championship - 17th) Sweden CB 27 Joel Ekstrand 2
9%
2015/16 (Championship - 18th) England RB 22 Ryan Fredericks 4
9%
2016/17 (Championship - 17th) England LB 28 Scott Golbourne 19
9%
2015/16 (Championship - 18th) England LB 27 Scott Golbourne 16
9%
2015/16 (Championship - 18th) Ireland ST 28 Simon Cox 4
9%
2015/16 (Championship - 18th) England GK 27 Ben Hamer 4
4%
2014/15 (League One - 1st) England RB 20 Todd Kane 5
4%
No matching quizzes found
Score Distribution
Percent of People with Each Score
Percentile by Number Answered
Your Score History
You have not taken this quiz